Music Quiz

Random Music or Comic Books Quiz
Score 0/9 Timer 02:00
0 Plays Today
% Correct
David Bowie
99%
Jimi Hendrix
98.6%
Elton John
97.6%
Ringo Starr
95.9%
Joey Ramone
95.6%
Bruce Springsteen
95.6%
Jim Morrison
94.9%
Sting
93.6%
Alice Cooper
92.3%
Remove Ads.
Support Sporcle.
Get the best of Sporcle when you Go Orange. This ad-free experience offers more features, more stats, and more fun while also helping to support Sporcle. Thank you for becoming a member.

You're not logged in!

Compare scores with friends on all Sporcle quizzes.
OR
Log In

Show Comments

Extras

Top Quizzes Today


Score Distribution

Your Account Isn't Verified!

In order to create a playlist on Sporcle, you need to verify the email address you used during registration. Go to your Sporcle Settings to finish the process.

Report this User

Report this user for behavior that violates our Community Guidelines.

Details: